[Event "Canadian zt"]
[Site "Toronto"]
[Date "2024.04.01"]
[Round "9"]
[White "Mahip, Singh"]
[Black "Huang, Youhe"]
[Result "1/2-1/2"]
[WhiteElo "1969"]
[BlackElo "1992"]
[PlyCount "125"]
[EventDate "2024.03.27"]
[EventType "team-swiss"]
[EventRounds "10"]
[EventCountry "CAN"]
[SourceTitle "CB15_2024"]
[SourceDate "2024.04.10"]
[SourceVersion "1"]
[SourceVersionDate "2024.04.10"]
[SourceQuality "1"]

1. e4 c5 2. Nf3 d6 3. Bb5+ Nc6 4. 0-0 Bd7 5. Re1 g6 6. h3 Bg7 7. c3 e5 8. Na3 Nge7 9. Nc2 0-0 10. a4 a6 11. Bc4 Na5 12. Ba2 c4 13. Ne3 b5 14. d3 Qc7 15. dxc4 bxc4 16. Nd2 Be6 17. b4 cxb3 18. Nxb3 Nxb3 19. Bxb3 Qxc3 20. Ra3 Bxb3 21. Rxb3 Qc6 22. Rd3 Nc8 23. Nd5 Ra7 24. Qb3 Rb7 25. Qa2 Kh8 26. Red1 f5 27. f3 fxe4 28. fxe4 Rbf7 29. Be3 h6 30. Nc3 Kh7 31. Qd5 Qc7 32. Qb3 Bf6 33. Nd5 Qa5 34. Nb6 Bg5 35. Nxc8 Bxe3+ 36. Rxe3 Qc5 37. Nxd6 Rd7 38. Qa3 Qc2 39. Qd3 Qf2+ 40. Kh1 Rf6 41. Qc3 Rfxd6 42. Rxd6 Rxd6 43. Qc7+ Kh8 44. Qxd6 Qxe3 45. Qxe5+ Kh7 46. Qe7+ Kg8 47. Qe8+ Kg7 48. Qe5+ Kh7 49. a5 h5 50. Kh2 Qe1 51. Qc7+ Kh6 52. Qf4+ Kh7 53. h4 Qxa5 54. Qf7+ Kh6 55. Qf6 Qc7+ 56. e5 a5 57. Qh8+ Qh7 58. Qf8+ Qg7 59. Qf4+ g5 60. Qe3 Qe7 61. e6 a4 62. hxg5+ Kg6 63. Qe4+ 1/2-1/2

[Event "Canadian zt"]
[Site "Toronto"]
[Date "2024.03.30"]
[Round "5"]
[White "Doknjas, Neil"]
[Black "Mahip, Singh"]
[Result "1-0"]
[WhiteElo "2273"]
[BlackElo "1969"]
[PlyCount "95"]
[EventDate "2024.03.27"]
[EventType "team-swiss"]
[EventRounds "10"]
[EventCountry "CAN"]
[SourceTitle "CB15_2024"]
[SourceDate "2024.04.10"]
[SourceVersion "1"]
[SourceVersionDate "2024.04.10"]
[SourceQuality "1"]

1. Nf3 d5 2. e3 Nf6 3. c4 e6 4. Nc3 Bd6 5. b3 0-0 6. Bb2 c5 7. cxd5 exd5 8. d4 Nc6 9. Be2 Re8 10. Nb5 Bf8 11. dxc5 Ne4 12. 0-0 Bxc5 13. Nbd4 Bd7 14. Rc1 Bb6 15. a3 Qe7 16. Qd3 Rad8 17. Rfd1 f5 18. b4 Kh8 19. Nxc6 bxc6 20. Ne5 f4 21. Rf1 Rf8 22. Nxc6 Bxc6 23. Rxc6 Qg5 24. exf4 Nxf2 25. fxg5 Nh3+ 26. Kh1 Rxf1+ 27. Bxf1 Nf2+ 28. Kg1 Nxd3+ 29. Rxb6 Nxb2 30. Rc6 d4 31. Rc2 Nd1 32. Rd2 Nc3 33. h4 Ne4 34. Rd3 g6 35. Be2 Kg7 36. Bf3 Ng3 37. Kf2 Nf5 38. g4 Nxh4 39. Bc6 h6 40. b5 hxg5 41. a4 Rd6 42. a5 Kf6 43. a6 Ke7 44. Rb3 d3 45. Ke1 Kd8 46. b6 Rxc6 47. b7 Nf3+ 48. Kd1 1-0

[Event "Toronto Annex op"]
[Site "Toronto"]
[Date "2023.09.03"]
[Round "3"]
[White "Calugar, Arthur"]
[Black "Mahip, Singh"]
[Result "1-0"]
[WhiteElo "2263"]
[BlackElo "1850"]
[PlyCount "58"]
[EventDate "2023.09.02"]
[EventType "swiss"]
[EventRounds "6"]
[EventCountry "CAN"]
[SourceTitle "EXT 2024"]
[Source "ChessBase"]
[SourceDate "2023.10.10"]
[SourceVersion "1"]
[SourceVersionDate "2023.10.10"]
[SourceQuality "1"]

1. Nf3 d5 2. b3 c5 3. e3 f6 4. d4 cxd4 5. exd4 Nc6 6. Bb2 Bg4 7. h3 Bh5 8. Be2 e6 9. 0-0 Bd6 10. Re1 Nge7 11. c4 Bf7 12. Nc3 0-0 13. a3 Ng6 14. b4 dxc4 15. Bxc4 e5 16. Bxf7+ Rxf7 17. Ne4 Rd7 18. Qb3+ Kh8 19. Nxd6 Rxd6 20. dxe5 Rd3 21. Qc4 Rxf3 22. gxf3 Ncxe5 23. Qe4 f5 24. Qe3 f4 25. Qe4 Nh4 26. Bxe5 Qg5+ 27. Kf1 Re8 28. Bxg7+ Kxg7 29. Qxb7+ Kh6 1-0

[Event "FIDE World Uni Rapid-C 1st"]
[Site "Tornelo INT"]
[Date "2021.03.21"]
[Round "8"]
[White "Mahip, Singh"]
[Black "Ozuna Ramos, Kevin"]
[Result "1-0"]
[WhiteElo "1599"]
[BlackElo "1935"]
[PlyCount "95"]
[EventDate "2021.03.20"]
[EventType "swiss (rapid)"]
[EventRounds "12"]
[EventCountry "NET"]
[SourceTitle "CBM 201 Extra"]
[Source "ChessBase"]
[SourceDate "2021.05.31"]
[SourceVersion "1"]
[SourceVersionDate "2021.05.31"]
[SourceQuality "1"]

1. e4 c5 2. Nf3 d6 3. Bb5+ Nd7 4. 0-0 Ngf6 5. Re1 e5 6. c3 Be7 7. d4 0-0 8. Nbd2 a6 9. Bd3 b5 10. a4 c4 11. Bc2 Bb7 12. Nf1 Qc7 13. Ng3 Rfe8 14. d5 Nc5 15. Bg5 Nfd7 16. Be3 bxa4 17. Bxa4 Nxa4 18. Rxa4 Reb8 19. Nd2 Nb6 20. Bxb6 Qxb6 21. Nxc4 Qc7 22. Nf5 Bf8 23. Nfe3 Bc8 24. Qa1 Qb7 25. b4 Bd7 26. Ra3 Bb5 27. Na5 Qc7 28. c4 Bd7 29. Qc3 g6 30. h3 f5 31. exf5 gxf5 32. Rea1 Qb6 33. Nc2 Rc8 34. Nb3 Bb5 35. Qg3+ Kh8 36. cxb5 Rxc2 37. Rxa6 Rxa6 38. bxa6 f4 39. Qf3 Qa7 40. b5 Rc8 41. Na5 Bg7 42. Qe4 f3 43. Nc6 Qc5 44. Qb4 Qc2 45. a7 Qg6 46. Qg4 Qe8 47. Qxc8 Qxc8 48. a8R 1-0

[Event "Pan American Intercollegiate-chT"]
[Site "Chess.com INT"]
[Date "2021.01.04"]
[Round "3"]
[White "McCoy, George Leo"]
[Black "Mahip, Singh"]
[Result "0-1"]
[WhiteElo "1588"]
[BlackElo "1599"]
[PlyCount "90"]
[EventDate "2021.01.04"]
[EventType "team-swiss (rapid)"]
[EventRounds "9"]
[EventCountry "USA"]
[SourceTitle "CBM 200 Extra"]
[Source "ChessBase"]
[SourceDate "2021.03.31"]
[SourceVersion "1"]
[SourceVersionDate "2021.03.31"]
[SourceQuality "1"]
[WhiteTeam "Chicago Univ II"]
[BlackTeam "Toronto"]
[WhiteTeamCountry "USA"]
[BlackTeamCountry "CAN"]

1. c4 Nf6 2. g3 e5 3. Bg2 c6 4. Qa4 Bd6 5. Nc3 0-0 6. e3 Bc7 7. Nge2 d5 8. 0-0 d4 9. Nd1 Bf5 10. b4 Bd3 11. Re1 Bxc4 12. Nb2 Bd5 13. d3 Bxg2 14. Kxg2 dxe3 15. Bxe3 Nbd7 16. Qb3 Nd5 17. Nc3 Nxe3+ 18. Rxe3 Bb6 19. Re2 Re8 20. Ne4 Nf8 21. Nc4 Bc7 22. Rae1 Ne6 23. Re3 Nd4 24. Qd1 b5 25. Qh5 g6 26. Qh6 Nf5 27. Qh3 bxc4 28. Rf3 cxd3 29. Rxf5 d2 30. Rd1 gxf5 31. Qxf5 Re6 32. Ng5 Qd5+ 33. f3 Rg6 34. Ne4 Qe6 35. Qh5 Rh6 36. Qg5+ Qg6 37. Qe7 Bb6 38. Rxd2 Qf5 39. h4 Re6 40. Qb7 Rf8 41. Ng5 Rg6 42. Ne4 Be3 43. Nd6 Qf4 44. g4 Bxd2 45. Nf5 Qxf5 0-1